00555nam a2200217Ia 4500003000400000005001700004006001800021007000300039008004100042024001200083037001200095040002000107041001300127082002200140100002400162245009300186250000800279260002400287300001200311650001400323OSt20220918220748.0a|||||r|||| 00| 0ta220917b |||||||| |||| 00| 0 eng d a147,036 cTextual aARTScARTSbeng 2engaeng aY1:1.5.I, K6.1-.2 aTaylor Henry Osborn 0aMediaeval mind b A history of the development of thought and emotion in the middle ages a4th aNAbNA c1966 a2vccm. aSOCIOLOGY